000
00316nam a2200145Ia 4500
100
_a
Parker/ Tim
942
_c
RB
654
_a
linux
245
_a
Linux Systems Administrators Survival Guide
260
_b
Techmedia
_c
2000
082
_a
005.133'L'
_b
PAR
300
_a
740
546
_a
ENGLISH
999
_c
23592
_d
23592